[Event "Chateauroux op"]
[Site "Chateauroux"]
[Date "2009.10.29"]
[Round "2"]
[White "Bouquin, Arnaud"]
[Black "Pinson, Jean Yves"]
[Result "1-0"]
[WhiteElo "1858"]
[BlackElo "2014"]
[PlyCount "107"]
[EventDate "2009.10.28"]
[EventType "swiss"]
[EventRounds "7"]
[EventCountry "FRA"]
[SourceTitle "EXT 2011"]
[Source "ChessBase"]
[SourceDate "2010.11.26"]
[SourceVersion "1"]
[SourceVersionDate "2010.11.26"]
[SourceQuality "1"]

1. e4 d6 2. d4 Nf6 3. Nc3 g6 4. f4 Bg7 5. Nf3 0-0 6. Be2 c6 7. e5 Ne8 8. 0-0 Na6 9. Be3 Bf5 10. Nh4 Bd7 11. f5 dxe5 12. fxg6 hxg6 13. dxe5 Bxe5 14. Bc4 e6 15. Nf3 Bg7 16. Bxa6 bxa6 17. Bc5 Nc7 18. Bxf8 Bxf8 19. Ne5 Be8 20. Qxd8 Rxd8 21. Rad1 Rxd1 22. Rxd1 Be7 23. Ne4 Nd5 24. c4 Ne3 25. Rd3 Nf5 26. g4 f6 27. gxf5 exf5 28. Nd6 Bxd6 29. Rxd6 fxe5 30. Re6 Kf7 31. Rxe5 Bd7 32. h4 Kf6 33. Ra5 Bc8 34. Kf2 Bb7 35. Kg3 Bc8 36. Kf4 Bb7 37. Re5 Kf7 38. b4 Bc8 39. a3 Kf6 40. Re8 Be6 41. c5 Bc4 42. Ra8 Be2 43. Rxa7 Ke6 44. Rg7 Bh5 45. Rc7 Kd5 46. Rd7+ Kc4 47. Rd6 Kb5 48. Ke5 a5 49. bxa5 Kxc5 50. a6 Kb6 51. a7 Kb7 52. a8Q+ Kxa8 53. Rxc6 Kb7 54. Rf6 1-0

[Event "Chateauroux op"]
[Site "Chateauroux"]
[Date "2009.10.28"]
[Round "1"]
[White "Pinson, Jean Yves"]
[Black "Guillot, Philippe"]
[Result "1-0"]
[WhiteElo "2014"]
[BlackElo "1670"]
[PlyCount "65"]
[EventDate "2009.10.28"]
[EventType "swiss"]
[EventRounds "7"]
[EventCountry "FRA"]
[SourceTitle "EXT 2011"]
[Source "ChessBase"]
[SourceDate "2010.11.26"]
[SourceVersion "1"]
[SourceVersionDate "2010.11.26"]
[SourceQuality "1"]

1. c4 g6 2. Nc3 Bg7 3. g3 Nf6 4. Bg2 c6 5. e4 d6 6. h3 Nbd7 7. Nge2 e5 8. 0-0 0-0 9. d3 a5 10. Rb1 Nc5 11. Be3 Ne6 12. a3 Nh5 13. b4 axb4 14. axb4 Nd4 15. g4 Nxe2+ 16. Nxe2 Nf6 17. Qb3 Nd7 18. Ra1 Rxa1 19. Rxa1 c5 20. Rb1 b6 21. b5 Bf6 22. Qc2 Bg5 23. Qd2 Bxe3 24. Qxe3 Qh4 25. Ra1 Nf6 26. Ra7 h5 27. f3 hxg4 28. fxg4 Qe1+ 29. Bf1 Qh4 30. Qf2 Qg5 31. Ra1 Kg7 32. Bg2 Rh8 33. Rf1 1-0

[Event "FRA-chT1B 0809"]
[Site "France"]
[Date "2009.02.07"]
[Round "6.7"]
[White "Murie, Eric"]
[Black "Pinson, Jean Yves"]
[Result "1-0"]
[WhiteElo "2068"]
[BlackElo "2046"]
[PlyCount "117"]
[EventDate "2008.10.19"]
[EventType "team-tourn"]
[EventRounds "11"]
[EventCountry "FRA"]
[SourceTitle "EXT 2010"]
[Source "ChessBase"]
[SourceDate "2010.11.25"]
[SourceVersion "1"]
[SourceVersionDate "2010.11.25"]
[SourceQuality "1"]
[WhiteTeam "Nantes"]
[BlackTeam "Echiquier Berry Sologne"]
[WhiteTeamCountry "FRA"]
[BlackTeamCountry "FRA"]

1. e4 d6 2. d4 Nf6 3. Nc3 Nc6 4. Nf3 Bg4 5. Be2 Bxf3 6. Bxf3 e5 7. d5 Nd4 8. Be3 Nxf3+ 9. Qxf3 Qd7 10. h3 Be7 11. 0-0 h6 12. Ne2 Qa4 13. Ng3 g6 14. b3 Qd7 15. c4 b6 16. Rfc1 Kf8 17. b4 c5 18. b5 Kg7 19. Ne2 Raf8 20. a4 Bd8 21. Bd2 Nh7 22. Qg4 f5 23. exf5 Qxf5 24. Qxf5 gxf5 25. a5 Ng5 26. axb6 axb6 27. Ra7+ Rf7 28. Rxf7+ Kxf7 29. Ra1 Ne4 30. Ra7+ Ke8 31. Be1 Rf8 32. f3 Ng5 33. Ng3 f4 34. Ne2 Rf7 35. Ra8 Rg7 36. Kf1 Kd7 37. Nc3 Nf7 38. Ne4 h5 39. Ra7+ Ke8 40. Nxd6+ Nxd6 41. Rxg7 Nxc4 42. Ke2 Nd6 43. Kd3 c4+ 44. Kc3 Bf6 45. Rg6 Kf7 46. Rxf6+ Kxf6 47. Kb4 e4 48. fxe4 Ke5 49. Bf2 Kxe4 50. Bxb6 c3 51. Kxc3 Nxb5+ 52. Kb4 Kxd5 53. Kxb5 Ke4 54. Kc4 h4 55. Bf2 f3 56. g3 hxg3 57. Bxg3 f2 58. Bxf2 Kf4 59. Kd5 1-0

[Event "FRA-chT1B 0809"]
[Site "France"]
[Date "2008.10.19"]
[Round "1.5"]
[White "Le Goff, Damien"]
[Black "Pinson, Jean Yves"]
[Result "1-0"]
[WhiteElo "2266"]
[BlackElo "2032"]
[PlyCount "61"]
[EventDate "2008.10.19"]
[EventType "team-tourn"]
[EventRounds "11"]
[EventCountry "FRA"]
[SourceTitle "EXT 2010"]
[Source "ChessBase"]
[SourceDate "2010.11.25"]
[SourceVersion "1"]
[SourceVersionDate "2010.11.25"]
[SourceQuality "1"]
[WhiteTeam "Guingamp"]
[BlackTeam "Echiquier Berry Sologne"]
[WhiteTeamCountry "FRA"]
[BlackTeamCountry "FRA"]

1. e4 d6 2. d4 Nf6 3. Nc3 g6 4. f4 Bg7 5. Nf3 Bg4 6. Be3 0-0 7. h3 Bxf3 8. Qxf3 c6 9. Bd3 Qa5 10. 0-0 Na6 11. a3 Rac8 12. Ne2 Nb8 13. c4 b5 14. b4 Qa6 15. e5 bxc4 16. exf6 cxd3 17. fxg7 Kxg7 18. Ng3 f5 19. Rfd1 Nd7 20. Bf2 c5 21. dxc5 dxc5 22. Rxd3 Nf6 23. Bxc5 Rfd8 24. Rxd8 Rxd8 25. Bxe7 Rd3 26. Bxf6+ Kxf6 27. Qf2 Qd6 28. Re1 a6 29. Kh2 Rd4 30. Re5 Kg7 31. Rxf5 1-0

[Event "Chateauroux op"]
[Site "Chateauroux"]
[Date "2005.11.11"]
[Round "2"]
[White "Pinson, Jean Yves"]
[Black "Soupizon, Remi"]
[Result "1-0"]
[WhiteElo "2047"]
[BlackElo "2051"]
[PlyCount "103"]
[EventDate "2005.10.30"]
[EventType "swiss"]
[EventRounds "7"]
[EventCountry "FRA"]
[SourceTitle "EXT 2007"]
[Source "ChessBase"]
[SourceDate "2006.11.23"]
[SourceVersion "1"]
[SourceVersionDate "2006.11.23"]
[SourceQuality "1"]

1. c4 c6 2. Nc3 d5 3. d4 Nf6 4. Bg5 dxc4 5. e4 b5 6. a4 b4 7. Bxf6 bxc3 8. bxc3 gxf6 9. Bxc4 e6 10. Qd3 Nd7 11. a5 Bd6 12. Ne2 Qc7 13. g3 h5 14. 0-0 Ke7 15. f4 e5 16. fxe5 Bxe5 17. dxe5 Nxe5 18. Qd4 Bh3 19. Qc5+ Qd6 20. Qxd6+ Kxd6 21. Rfd1+ Kc5 22. Ba6 h4 23. Nd4 Be6 24. Be2 Rag8 25. Kg2 Rg6 26. Rg1 Rhg8 27. Kf2 hxg3+ 28. Rxg3 Rxg3 29. hxg3 Bc4 30. Rb1 Bxe2 31. Nxe2 Nc4 32. Rb7 Nxa5 33. Rxa7 Nc4 34. Rxf7 Nd2 35. Ke3 Nf1+ 36. Kf4 Rg6 37. Rf8 Kd6 38. Kf5 Nxg3+ 39. Kxg6 Nxe2 40. Kxf6 Nxc3 41. Rd8+ Kc7 42. Rd4 Nb5 43. Rd3 c5 44. e5 Kc6 45. e6 Nc7 46. e7 c4 47. Rh3 Kc5 48. Ke5 Kb4 49. Kd6 Ne8+ 50. Kd7 Nf6+ 51. Ke6 Ne8 52. Rh8 1-0